| 000 | 01980cam a22004334i 4500 | ||
|---|---|---|---|
| 003 | PE-LiUPU | ||
| 005 | 20250731173130.0 | ||
| 008 | 150623s1976 cau rb 000 0 eng d | ||
| 035 | _a(Sirsi) a26278 | ||
| 040 |
_aPE-LiUPU _bspa _cPE-LiUPU _erda |
||
| 049 | _aPRUA | ||
| 082 | 0 | 4 |
_a286.732 _bM77 _221 |
| 100 | 1 |
_aMoore, Raymond S., _eautor. |
|
| 245 | 1 | 0 |
_aAdventist education at the crossroads / _cRaymond S. Moore. |
| 264 | 1 |
_aMountain View, California : _bPacific Press Publishing Association, _c1976. |
|
| 300 |
_a200 páginas ; _c21 centímetros |
||
| 336 |
_atext _2rdacontent |
||
| 337 |
_aunmediated _2rdamedia |
||
| 338 |
_avolume _2rdacarrier |
||
| 504 | _aIncluye bibliografía. | ||
| 505 | 0 | _aSchools for kings -- What leading educators say -- A matter of accreditation -- Dealing with pressures: our accountability -- Objections and answers -- Some very special rewards -- How to initiate "the plan" -- How to carry the program through -- How big should we get? -- Administering people and money -- Some factors of success in school industries -- The academic part -- The homework problem -- The spiritual and social quotients -- Educating the preschooler -- The elementary school -- The secondary school -- Colleges and universities -- Problems and solutions. | |
| 526 | _aSEG42 | ||
| 526 | _aSEG41 | ||
| 526 | _aSEG40 | ||
| 526 | _aSEG39 | ||
| 526 | _aP94 | ||
| 526 | _aP87 | ||
| 526 | _aP86 | ||
| 526 | _aP85 | ||
| 526 | _aP77 | ||
| 526 | _aP76 | ||
| 526 | _aP35 | ||
| 650 | 0 | 4 |
_aIASD _xEducación. |
| 942 |
_2ddc _cBOOK |
||
| 949 |
_a286.732 M77 _wDEWEY _c1 _i51564 _lCCODEBUL1 _mBUL _p10.00 _r0 _sY _tBOOK _u2015-06-24 _xTEOLOGIA _PP35 _0COMPRA _o.STAFF. Colección General |
||
| 596 | _a1 | ||
| 999 |
_a286.732 M77 _wDEWEY _c33291 _i51564 _f2021-11-11 _g6 _lCCODEBUL1 _mBUL _p10.00 _r0 _sY _tBOOK _u2015-6-24 _xTEOLOGIA _PP35 _0COMPRA _o.STAFF. Colección Teología _d33291 |
||
| 980 |
_81 _gALBERTO SANCHEZ Responsable de Automatización |
||